Nouveaux exercices de grammaire /
Guardado en:
| Autor Principal: | |
|---|---|
| Otros Autores: | |
| Formato: | Libro |
| Publicado: |
Francia :
Hatier/didier,
1991
|
| Materias: | |
| Etiquetas: |
Agregar Etiqueta
Sin Etiquetas, Sea el primero en etiquetar este registro!
|
| LEADER | 00567nam a22002055a 4500 | ||
|---|---|---|---|
| 001 | CEM.cems007145 | ||
| 005 | 20060214000000.0 | ||
| 008 | 130507s1991##################000#0#####d | ||
| 003 | CEMS | ||
| 082 | 0 | 4 | |a 445 |
| 100 | 1 | |a Salins, Genevieve Dominique de | |
| 245 | 1 | 0 | |a Nouveaux exercices de grammaire / |
| 260 | |a Francia : |b Hatier/didier, |c 1991 | ||
| 300 | |a 128 p. | ||
| 653 | |a Frances | ||
| 653 | |a Frances-gramática | ||
| 653 | |a Frances-textos | ||
| 653 | |a Gramática | ||
| 700 | 1 | |a Dupre latour, Sabine | |
| 859 | |a CEMS |b BIB. CEMS - 11 de abril |h 445 |i Sa33 |p 16804.92 |t Ej.1 | ||
